Evaluacion del aprendizaje en la escuela primaria/ (Registro nro. 8758)

Detalles MARC
000 -LEADER
fixed length control field 00827nam a2200193Ia 4500
005 - FECHA Y HORA DE LA ÚLTIMA TRANSACCIÓN
control field 20230726161153.0
008 - FIXED-LENGTH DATA ELEMENTS--GENERAL INFORMATION
fixed length control field 230725s9999 xx 000 0 und d
020 ## - INTERNATIONAL STANDARD BOOK NUMBER
International Standard Book Number 8449313465
040 ## - CATALOGING SOURCE
Original cataloging agency UPAN
Transcribing agency Biblioteca San Vicente
Description conventions RCAA2
041 ## - LANGUAGE CODE
Language code of text/sound track or separate title spa
082 ## - DEWEY DECIMAL CLASSIFICATION NUMBER
Classification number 371.26
Item number W734e
año de publicación 2003
100 ## - MAIN ENTRY--PERSONAL NAME
Personal name Wragg C. Edward
Relator code aut.
245 #0 - TITLE STATEMENT
Title Evaluacion del aprendizaje en la escuela primaria/
Remainder of title Edward C. Wragg
260 ## - PUBLICATION, DISTRIBUTION, ETC. (IMPRINT)
Place of publication, distribution, etc España:
Name of publisher, distributor, etc Paidos,
Date of publication, distribution, etc 2003
300 ## - PHYSICAL DESCRIPTION
Extent 143 p.;
Dimensions 22 cm.
505 ## - FORMATTED CONTENTS NOTE
Formatted contents note Unidad 1. La naturaleza diversa de la evaluación<br/>Unidad 2. Principios y objetivos de la evaluación<br/>Unidad 3. Método informales de evaluación<br/>Unidad 4. Métodos formales de evaluación<br/>Unidad 5. La evaluación en acción<br/>Unidad 6. Política general del centro
650 ## - SUBJECT ADDED ENTRY--TOPICAL TERM
Source of heading or term LEMB
Topical term or geographic name as entry element Evaluacion inicial
General subdivision Aprendizaje
942 ## - ADDED ENTRY ELEMENTS (KOHA)
Koha item type Libros
Source of classification or shelving scheme Dewey Decimal Classification
Existencias
Withdrawn status Lost status Source of classification or shelving scheme Damaged status Not for loan Collection code Home library Current library Date acquired Total Checkouts Full call number Barcode Date last seen Copy number Price effective from Koha item type
    Dewey Decimal Classification     Colección General Biblioteca UPAN San Vicente Biblioteca UPAN San Vicente 25/07/2023   371.26 W734e 12001324 25/07/2023 01 25/07/2023 Libros